<?xml version="1.0" encoding="UTF-8"?>
<record
    xmlns:xsi="http://www.w3.org/2001/XMLSchema-instance"
    xsi:schemaLocation="http://www.loc.gov/MARC21/slim http://www.loc.gov/standards/marcxml/schema/MARC21slim.xsd"
    xmlns="http://www.loc.gov/MARC21/slim">

  <leader>00357nam a2200145Ia 4500</leader>
  <controlfield tag="008">191201s2009    xx            000 0 und d</controlfield>
  <datafield tag="082" ind1=" " ind2=" ">
    <subfield code="a">620.106</subfield>
    <subfield code="b">KUF</subfield>
  </datafield>
  <datafield tag="100" ind1=" " ind2=" ">
    <subfield code="a">KUMAR, D S</subfield>
  </datafield>
  <datafield tag="245" ind1=" " ind2="0">
    <subfield code="a">Fluid Mechanics and Fluid Power Engineering</subfield>
  </datafield>
  <datafield tag="250" ind1=" " ind2=" ">
    <subfield code="a">7th</subfield>
  </datafield>
  <datafield tag="260" ind1=" " ind2=" ">
    <subfield code="a">N.Delhi</subfield>
    <subfield code="b">S.K.Kataria</subfield>
    <subfield code="c">2009</subfield>
  </datafield>
  <datafield tag="300" ind1=" " ind2=" ">
    <subfield code="a">1182</subfield>
  </datafield>
  <datafield tag="650" ind1=" " ind2=" ">
    <subfield code="a">B.Tech(ME)</subfield>
  </datafield>
  <datafield tag="942" ind1=" " ind2=" ">
    <subfield code="2">ddc</subfield>
    <subfield code="c">BK</subfield>
  </datafield>
  <datafield tag="999" ind1=" " ind2=" ">
    <subfield code="c">4261</subfield>
    <subfield code="d">4261</subfield>
  </datafield>
  <datafield tag="952" ind1=" " ind2=" ">
    <subfield code="0">0</subfield>
    <subfield code="1">0</subfield>
    <subfield code="2">ddc</subfield>
    <subfield code="4">0</subfield>
    <subfield code="7">0</subfield>
    <subfield code="8">BTECHME</subfield>
    <subfield code="a">PIET</subfield>
    <subfield code="b">PIET</subfield>
    <subfield code="d">2010-01-12</subfield>
    <subfield code="e">J B C, New Delhi</subfield>
    <subfield code="g">440.00</subfield>
    <subfield code="k">SI-4035</subfield>
    <subfield code="l">2</subfield>
    <subfield code="o">620.106 KUF</subfield>
    <subfield code="p">14332</subfield>
    <subfield code="r">2024-06-21 00:00:00</subfield>
    <subfield code="s">2024-06-07</subfield>
    <subfield code="w">2010-01-01</subfield>
    <subfield code="y">BK</subfield>
  </datafield>
  <datafield tag="952" ind1=" " ind2=" ">
    <subfield code="0">0</subfield>
    <subfield code="1">0</subfield>
    <subfield code="2">ddc</subfield>
    <subfield code="4">0</subfield>
    <subfield code="7">0</subfield>
    <subfield code="8">BTECHME</subfield>
    <subfield code="a">PIET</subfield>
    <subfield code="b">PIET</subfield>
    <subfield code="d">2010-01-12</subfield>
    <subfield code="e">J B C, New Delhi</subfield>
    <subfield code="g">440.00</subfield>
    <subfield code="k">SI-4035</subfield>
    <subfield code="l">2</subfield>
    <subfield code="o">620.106 KUF</subfield>
    <subfield code="p">14333</subfield>
    <subfield code="r">2025-01-04 00:00:00</subfield>
    <subfield code="s">2024-09-09</subfield>
    <subfield code="w">2010-01-01</subfield>
    <subfield code="y">BK</subfield>
  </datafield>
  <datafield tag="952" ind1=" " ind2=" ">
    <subfield code="0">0</subfield>
    <subfield code="1">0</subfield>
    <subfield code="2">ddc</subfield>
    <subfield code="4">0</subfield>
    <subfield code="7">0</subfield>
    <subfield code="8">BTECHME</subfield>
    <subfield code="a">PIET</subfield>
    <subfield code="b">PIET</subfield>
    <subfield code="d">2010-01-12</subfield>
    <subfield code="e">J B C, New Delhi</subfield>
    <subfield code="g">440.00</subfield>
    <subfield code="k">SI-4035</subfield>
    <subfield code="l">0</subfield>
    <subfield code="o">620.106 KUF</subfield>
    <subfield code="p">14334</subfield>
    <subfield code="r">2021-06-07 00:00:00</subfield>
    <subfield code="w">2010-01-01</subfield>
    <subfield code="y">BK</subfield>
  </datafield>
  <datafield tag="952" ind1=" " ind2=" ">
    <subfield code="0">0</subfield>
    <subfield code="1">0</subfield>
    <subfield code="2">ddc</subfield>
    <subfield code="4">0</subfield>
    <subfield code="7">0</subfield>
    <subfield code="8">BTECHME</subfield>
    <subfield code="a">PIET</subfield>
    <subfield code="b">PIET</subfield>
    <subfield code="d">2010-01-12</subfield>
    <subfield code="e">J B C, New Delhi</subfield>
    <subfield code="g">440.00</subfield>
    <subfield code="k">SI-4035</subfield>
    <subfield code="l">1</subfield>
    <subfield code="o">620.106 KUF</subfield>
    <subfield code="p">14335</subfield>
    <subfield code="r">2022-06-17 00:00:00</subfield>
    <subfield code="s">2022-06-16</subfield>
    <subfield code="w">2010-01-01</subfield>
    <subfield code="y">BK</subfield>
  </datafield>
  <datafield tag="952" ind1=" " ind2=" ">
    <subfield code="0">0</subfield>
    <subfield code="1">0</subfield>
    <subfield code="2">ddc</subfield>
    <subfield code="4">0</subfield>
    <subfield code="7">0</subfield>
    <subfield code="8">BTECHME</subfield>
    <subfield code="a">PIET</subfield>
    <subfield code="b">PIET</subfield>
    <subfield code="d">2010-01-12</subfield>
    <subfield code="e">J B C, New Delhi</subfield>
    <subfield code="g">440.00</subfield>
    <subfield code="k">SI-4035</subfield>
    <subfield code="l">1</subfield>
    <subfield code="o">620.106 KUF</subfield>
    <subfield code="p">14336</subfield>
    <subfield code="r">2026-04-13 15:29:06</subfield>
    <subfield code="s">2026-04-08</subfield>
    <subfield code="w">2010-01-01</subfield>
    <subfield code="y">BK</subfield>
  </datafield>
</record>
